LEADER 02491nam 22006134a 450 001 9910451136103321 005 20200520144314.0 010 $a1-281-02679-4 010 $a9786611026790 010 $a1-934559-74-1 035 $a(CKB)1000000000335961 035 $a(EBL)306094 035 $a(OCoLC)476084684 035 $a(SSID)ssj0000208940 035 $a(PQKBManifestationID)11168808 035 $a(PQKBTitleCode)TC0000208940 035 $a(PQKBWorkID)10244360 035 $a(PQKB)11565538 035 $a(MiAaPQ)EBC306094 035 $a(Au-PeEL)EBL306094 035 $a(CaPaEBR)ebr10179300 035 $a(CaONFJC)MIL102679 035 $a(EXLCZ)991000000000335961 100 $a20060620d2007 uy 0 101 0 $aeng 135 $aur|n|---||||| 181 $ctxt 182 $cc 183 $acr 200 10$aNavigating the adult spine$b[electronic resource] $ebridging clinical practice and neuroradiology /$fAvital Fast, Dorith Goldsher ; illustrations by Oliver Funk 210 $aNew York $cDemos$dc2007 215 $a1 online resource (201 p.) 300 $aDescription based upon print version of record. 311 $a1-888799-98-6 320 $aIncludes bibliographical references and index. 327 $aContents; Preface; Contributors; 1 Anatomy of the Spine; 2 Spinal Imaging; 3 Disc Disorders; 4 Acquired Spinal Stenosis; 5 Spondylolysis and Spondylolisthesis; 6 Spinal Infections; 7 Spinal Cysts; 8 Spondyloarthropathy; 9 Rheumatoid Arthritis; 10 Metabolic Bone Disease; 11 Neoplastic Diseases; 12 Paget's Disease (Osteitis Deformans); 13 Vascular Disorders; 14 Syringomyelia; 15 Chronic Adhesive Arachnoiditis; 16 Coccygodynia; 17 Imaging of the Postoperative Degenerative Spine; 18 Spinal Injections and Minimally Invasive Procedures; Index 330 $aCovers the important clinical, radiological, and management points in caring for the patient with spine problems. 606 $aSpine$xDiseases$xTreatment 606 $aClinical medicine 606 $aSpine$xAbnormalities 608 $aElectronic books. 615 0$aSpine$xDiseases$xTreatment. 615 0$aClinical medicine. 615 0$aSpine$xAbnormalities. 676 $a616.7/3 700 $aFast$b Avital$f1947-$01043951 701 $aGoldsher$b Dorith$01043952 801 0$bMiAaPQ 801 1$bMiAaPQ 801 2$bMiAaPQ 906 $aBOOK 912 $a9910451136103321 996 $aNavigating the adult spine$92469265 997 $aUNINA LEADER 03952nam 2201009 450 001 9910806982303321 005 20230803221519.0 010 $a0-520-27617-5 010 $a0-520-95838-1 024 7 $a10.1525/9780520958388 035 $a(CKB)2550000001308584 035 $a(EBL)1693647 035 $a(OCoLC)880826929 035 $a(SSID)ssj0001224385 035 $a(PQKBManifestationID)11707162 035 $a(PQKBTitleCode)TC0001224385 035 $a(PQKBWorkID)11261720 035 $a(PQKB)10311977 035 $a(MiAaPQ)EBC1693647 035 $a(DE-B1597)519597 035 $a(DE-B1597)9780520958388 035 $a(Au-PeEL)EBL1693647 035 $a(CaPaEBR)ebr10874623 035 $a(CaONFJC)MIL614068 035 $a(EXLCZ)992550000001308584 100 $a20140531h20142014 uy 0 101 0 $aeng 135 $aur|nu---|u||u 181 $ctxt 182 $cc 183 $acr 200 10$aField guide to birds of the northern California coast /$fRich Stallcup and Jules Evens ; graphites by Keith Hansen 210 1$a[Berkeley, California] :$cUniversity of California Press,$d2014. 210 4$dİ2014 215 $a1 online resource (379 p.) 225 1 $aCalifornia Natural History Guides ;$vNumber 109 300 $aDescription based upon print version of record. 311 $a0-520-27616-7 311 $a1-306-82817-1 320 $aIncludes bibliographical references and index. 327 $tFront matter --$tCONTENTS --$tPreface --$tAcknowledgments --$tINTRODUCTION --$tFAMILY AND SPECIES ACCOUNTS --$tBIRDING OPPORTUNITIES AND ROADSIDE NATURE CENTERS --$tOccurrence Charts --$tGlossary --$tReferences --$tIndex --$tABOUT THE AUTHORS 330 $aThe Northern California coast--from Monterey County to the Oregon border--is home to some of the richest avian habitats on the North American continent. Field Guide to Birds of the Northern California Coast provides a comprehensive ecological overview of this extensive and diverse region. It features detailed discussions of the area's most common water birds, raptors, and land birds and highlights the most productive birding sites in each Northern California coastal county. Accessibly written and user-friendly, this guide contains nearly 250 species accounts that focus on seasonal rhythms and behavioral characteristics of each species. More than 130 color photographs and hand-drawn sketches depict the birds in context, and maps and occurrence charts indicate when readers might spot each species. 410 0$aCalifornia natural history guides ;$vNumber 109. 606 $aShore birds$zCalifornia, Northern 610 $aamerica. 610 $aavian habitats. 610 $abird behaviors. 610 $abird lovers. 610 $abird species. 610 $abirders. 610 $abirding sites. 610 $abirdwatching. 610 $acalifornia coast. 610 $acoastal birds. 610 $acoastal counties. 610 $acolor photographs. 610 $adiverse region. 610 $aeasy to read. 610 $aecological overview. 610 $afield guide. 610 $alandbirds. 610 $amaps. 610 $amonterey county. 610 $anatural history. 610 $anatural sciences. 610 $anonfiction. 610 $anorthern california. 610 $aornithology. 610 $araptors. 610 $areference. 610 $aregional ornithology. 610 $asketches. 610 $aspecies identification. 610 $awaterbirds. 610 $azoology. 615 0$aShore birds 676 $a598.3/309794 700 $aStallcup$b Rich$01619954 702 $aEvens$b Jules 702 $aHansen$b Keith 801 0$bMiAaPQ 801 1$bMiAaPQ 801 2$bMiAaPQ 906 $aBOOK 912 $a9910806982303321 996 $aField guide to birds of the northern California coast$94002170 997 $aUNINA